[Event "World School-ch U13 Girls"]
[Site "Antalya"]
[Date "2019.04.22"]
[Round "5"]
[White "Thennakoon, Rumethma"]
[Black "Dumankyzy, Alfarabi"]
[Result "0-1"]
[WhiteElo "1107"]
[BlackElo "1275"]
[PlyCount "104"]
[EventDate "2019.04.18"]
[EventType "swiss"]
[EventRounds "9"]
[EventCountry "TUR"]
[SourceTitle "CBM 190 Extra"]
[Source "ChessBase"]
[SourceDate "2019.07.15"]
[SourceVersion "1"]
[SourceVersionDate "2019.07.15"]
[SourceQuality "1"]

1. e4 c5 2. Nf3 e6 3. d4 cxd4 4. Nxd4 a6 5. a3 Nf6 6. Nc3 Qc7 7. Bd3 Nc6 8. Nb3 Be7 9. Be3 0-0 10. 0-0 b5 11. Nd4 Bb7 12. Nxc6 dxc6 13. f3 Rfd8 14. Qe1 Rac8 15. Ne2 c5 16. Ng3 Rd7 17. Be2 Rcd8 18. c4 bxc4 19. Bxc4 Ne8 20. Qe2 Qc6 21. Rfd1 Nd6 22. a4 Nxc4 23. Rxd7 Qxd7 24. Qxc4 Qd3 25. Qxd3 Rxd3 26. Nf1 Bf6 27. Bxc5 Rb3 28. Rd1 h6 29. Bd4 Bxd4+ 30. Rxd4 Rxb2 31. Rd8+ Kh7 32. Rb8 Kg6 33. Ne3 Rb1+ 34. Kf2 Bxe4 35. Rxb1 Bxb1 36. a5 Bd3 37. Ng4 Bb5 38. Ke3 Kf5 39. g3 h5 40. Nf2 Ke5 41. Ne4 g6 42. g4 hxg4 43. fxg4 f5 44. gxf5 gxf5 45. Ng5 f4+ 46. Kf3 Bc6+ 47. Kf2 Bd5 48. h4 Kf6 49. Nf3 Bxf3 50. Kxf3 Kf5 51. Kf2 Kg4 52. Kg2 Kxh4 0-1

[Event "BCF-ch U12"]
[Site "Hull"]
[Date "2018.08.01"]
[Round "4"]
[White "White, Oliver"]
[Black "Thennakoon, Rumethma"]
[Result "0-1"]
[WhiteElo "1600"]
[BlackElo "1023"]
[PlyCount "106"]
[EventDate "2018.07.29"]
[EventType "swiss"]
[EventRounds "7"]
[EventCountry "ENG"]
[SourceTitle "CBM 186 Extra"]
[Source "ChessBase"]
[SourceDate "2018.08.24"]
[SourceVersion "1"]
[SourceVersionDate "2018.08.24"]
[SourceQuality "1"]

1. e4 c5 2. Nf3 d6 3. Bb5+ Bd7 4. Bxd7+ Qxd7 5. d4 cxd4 6. Nxd4 Nf6 7. Nc3 g6 8. 0-0 Bg7 9. Be3 0-0 10. h3 Nc6 11. Nxc6 bxc6 12. f4 Qc7 13. Rb1 Rfe8 14. f5 Red8 15. Qf3 d5 16. exd5 cxd5 17. Rbd1 e6 18. fxe6 fxe6 19. Bg5 Rf8 20. Qe3 Qb6 21. Qxb6 axb6 22. Rde1 Ne4 23. Rxf8+ Kxf8 24. Nxe4 dxe4 25. Rxe4 Rxa2 26. Rxe6 Rxb2 27. Bf6 Rb1+ 28. Kf2 Kf7 29. Bxg7 Kxe6 30. Bd4 b5 31. c3 Kd5 32. Ke3 b4 33. cxb4 Rxb4 34. Bf6 h5 35. Kf3 Ke6 36. Bg5 Kf5 37. h4 Rb3+ 38. Kf2 Kg4 39. Ke2 Rb2+ 40. Kd3 Rxg2 41. Ke3 Rh2 42. Ke4 Rxh4 43. Bxh4 Kxh4 44. Kf3 g5 45. Kf2 Kh3 46. Kg1 Kg3 47. Kh1 Kf2 48. Kh2 g4 49. Kh1 h4 50. Kh2 g3+ 51. Kh3 g2 52. Kh2 g1Q+ 53. Kh3 Qg3# 0-1

[Event "BCF-ch U12"]
[Site "Hull"]
[Date "2018.07.30"]
[Round "2"]
[White "Tomy, Jeff"]
[Black "Thennakoon, Rumethma"]
[Result "1-0"]
[WhiteElo "1683"]
[BlackElo "1023"]
[PlyCount "139"]
[EventDate "2018.07.29"]
[EventType "swiss"]
[EventRounds "7"]
[EventCountry "ENG"]
[SourceTitle "CBM 186 Extra"]
[Source "ChessBase"]
[SourceDate "2018.08.24"]
[SourceVersion "1"]
[SourceVersionDate "2018.08.24"]
[SourceQuality "1"]

1. d4 Nf6 2. c4 g6 3. Nc3 Bg7 4. e4 d6 5. f3 0-0 6. Be3 c6 7. Qd2 Na6 8. Nge2 Nc7 9. 0-0-0 a6 10. h4 h5 11. Bg5 b5 12. e5 dxe5 13. dxe5 Qxd2+ 14. Rxd2 Nh7 15. Bxe7 Re8 16. Bd6 Bxe5 17. c5 f5 18. f4 Bxc3 19. Nxc3 Re1+ 20. Rd1 Rxd1+ 21. Kxd1 Ne8 22. Be5 Nhf6 23. Be2 Be6 24. Kc2 Rd8 25. Re1 Kf7 26. a3 Nd5 27. Bf3 Nef6 28. Bd6 Rd7 29. Ne2 Ne3+ 30. Kd3 Ned5 31. Nd4 Nxf4+ 32. Bxf4 Bc4+ 33. Kc3 Nd5+ 34. Bxd5+ Bxd5 35. g3 Rb7 36. Bd6 Rd7 37. Kb4 Rb7 38. Ka5 Ra7 39. Kb6 Ra8 40. Nxc6 Be4 41. Bc7 Rc8 42. Rd1 Bxc6 43. Kxc6 Ke7 44. Rd7+ Ke6 45. Rd8 Rxd8 46. Bxd8 Kf7 47. Kb7 Ke8 48. Bb6 Kd7 49. c6+ Kd6 50. c7 Ke5 51. c8Q Ke4 52. Kxa6 Kf3 53. Qc7 Kg4 54. Kxb5 g5 55. hxg5 Kxg5 56. a4 Kg4 57. a5 h4 58. Qf4+ Kh3 59. Qxh4+ Kg2 60. a6 Kf3 61. a7 Ke2 62. a8Q f4 63. gxf4 Kd3 64. Be3 Ke2 65. f5 Kd3 66. f6 Ke2 67. f7 Kd3 68. f8Q Kc2 69. Qc4+ Kxb2 70. Qfb4# 1-0